Allgemeinwissen - zufällige Fragen - Statistiken

Allgemein
  • Dieses Quiz wurde 2.083 mal gespielt
    1.343 seit der letzten Aktualisierung
  • Das Durchschnittsergebnis liegt bei 10 aus 20
Antwortstatistiken
Hint Antwort % Korrekt
Wie heißt die Hauptstadt von Frankreich? Paris
100%
Wie lautet das Symbol von Schwefel? S
100%
Wie lautet die Wurzel von 121? 11
97%
Wie lautet die einzige gerade Primzahl? 2
97%
Was ergibt 9*8? 72
97%
Häufigster Buchstabe in deutschsprachigen Texten e
97%
Wie heißt die Hauptstadt von Spanien? Madrid
97%
Wie heißt die Hauptstadt von Bayern? München
97%
Wie oft wurde Deutschland Fußballweltmeister? 4
96%
Wie heißt die Hauptstadt von Griechenland? Athen
95%
Wie viele Tage hat der April? 30
94%
Wie viele Tage hat der Monat Dezember? 31
94%
Wie viele Sekunden hat eine Stunde? 3600
94%
Wie heißt die Hauptstadt von Schweiz? Bern
94%
Wie heißt die Hauptstadt von Hamburg? Hamburg
94%
Welches Tier Miaut? Katze
94%
Wie nennt man einen christlicher Gotteshaus? Kirche
94%
Wie viele Saiten hat eine Gitarre? 6
93%
Was ergibt 8*8? 64
93%
Leben Pinguine am Nord- oder Südpol? Südpol
93%
Was ergibt 7*7? 49
92%
Auf welchem Gegenstand fliegen Hexen? Besen
92%
Wie heißt die Hauptstadt von Israel? Jerusalem
92%
Wie heißt die Hauptstadt von Russland? Moskau
92%
Wie heißt die Hauptstadt von Norwegen? Oslo
92%
Wie heißt das größte Land der Welt? Russland
92%
Was ergibt 9*9? 81
91%
Wie heißt die Hauptstadt von Niederlande? Amsterdam
91%
Wie lautet das Symbol von Kohlenstoff? C
91%
Ist 12 gerade oder ungerade? gerade
91%
Welchen Vornamen teilen sich Bieber und Timberlake? Justin
91%
Das Proton ist _____ geladen positiv
91%
Als was ist H2O besser bekannt? Wasser
91%
Was ergibt 7*9? 63
90%
Was legem Hühner? Eier
90%
Wie heißt der Kontinent auf dem Schweden liegt? Europa
90%
Wie lautet das Symbol von Kalium? K
90%
Wie heißt die Hauptstadt von Österreich? Wien
90%
Wie viele Bundesländer hat Deutschland? 16
89%
Was ergibt 5*7? 35
89%
Was ergibt 8*9? 72
89%
Welches berühmte Wahrzeichen New Yorks war ein Geschenk Frankreichs? Freiheitsstatue
89%
Welche Bezeichnung steht für eine 1 gefolgt von 6 Nullen? Million
89%
Wie heißt die Hauptstadt von Japan? Tokio
89%
Wie lautet das Symbol von Argon? Ar
88%
Wie heißt die Hauptstadt von Deutschland? Berlin
88%
Wie heißt die Hauptstadt von Irland? Dublin
88%
Wie lautet das Symbol von Fluor? F
88%
Wie lautet das Symbol von Neon? Ne
88%
Wie nennt man Menschen, die keine tierischen Produkte essen? Veganer
88%
Was ist die Ordnungszahl von Wasserstoff? 1
87%
Wie viele Sekunden hat eine Stunde? 3600
87%
Was ergibt 9*7? 63
87%
Wie heißt die Hauptstadt von Griechenland? Athen
87%
In welcher Farbe werden auf Landkarten üblicherweise Gewässer dargestellt? Blau
87%
Wie heißt die Hauptstadt von Schleswig-Holstein? Kiel
87%
Wofür steht die Abkürzung LKW? Lastkraftwagen
87%
Wie heißt die Hauptstadt von Vereinigtes Königreich? London
87%
Wie heißt der höchste Berg der Erde? Mt. Everest
87%
Wie heißt der längste Fluss in Afrika? Nil
87%
Wie heißt die Hauptstadt von Tschechien? Prag
87%
Wie heißt die Hauptstadt von Schweden? Stockholm
87%
Was ist die Summe der Innenwinkel eines Dreiecks (in Grad)? 180
86%
Wie lautet die nächste Zahl der Zahlenfolge 25,22,26,23,27? 24
86%
Wie viele Buchstaben hat das Alphabet? 26
86%
Wie viele Beine hat eine Spinne? 8
86%
Wie lautet die Wurzel von 81? 9
86%
Wie lautet das Symbol von Aluminium? Al
86%
Wie lautet das Symbol von Bor? B
86%
Was ist das höchste Bauwerk in Paris? Eiffelturm
86%
Wie lautet das Symbol von Wasserstoff? H
86%
Wie lautet das Symbol von Helium? He
86%
Wie lautet das Symbol von Nickel? Ni
86%
Welche Farbe haben Flamingos normalerweise? Pink/Rosa
86%
Wie heißt die Hauptstadt von Italien? Rom
86%
Wie heißt die Hauptstadt von Baden-Württemberg? Stuttgart
86%
Wie viele Tage hat ein Schaltjahr? 366
85%
Was ergibt 7*8? 56
85%
Wie heißt die Hauptstadt von Portugal? Lissabon
85%
Wie heißt die Hauptstadt von China? Peking
85%
Wie lautet das Symbol von Beryllium? Be
84%
Wie lautet das Symbol von Phosphor? P
84%
In welcher Stadt steht der Eiffelturm? Paris
84%
Welches ist das südlichste Land in Afrika? Südafrika
84%
Welcher ist der zweitnäheste Planet zur Sonne? Venus
84%
Was ergibt 8*7? 56
83%
Wer entwickelte die spezielle und allgemeine Relativitätstheorie? Albert Einstein
83%
Wie heißt die Hauptstadt von Berlin? Berlin
83%
Welches ist das größte ("höchste") Landtier? Giraffe
83%
Wie lautet das Symbol von Lithium? Li
83%
Wie lautet das Symbol von Magnesium? Mg
83%
Wie lautet das Symbol von Sauerstoff? O
83%
Wie lautet das Symbol von Scandium? Sc
83%
Was ergibt cosh(0)? 1
82%
Wie lautet das Symbol von Calcium? Ca
82%
Wie heißt die Hauptstadt von Australien? Canberra
82%
Was ist der Sohn deiner Tante? Cousin
82%
Welches Farbe hat Yoshi aus dem Videospielserie "Super Mario"? Grün
82%
In welchem Ozean liegt Sri Lanka? Indischer Ozean
82%
Welches deutsche Bundesland hat die meisten Einwohner? Nordrhein-Westfalen
82%
Wie lautet das Symbol von Silicium? Si
82%
Wie lautet die nächste Zahl der Zahlenfolge 70,67,64,61,58? 55
81%
Wie heißt der längste Fluss Südamerikas? Amazonas
81%
Wer war der erste afroamerikanische Präsident der Vereinigten Staaten von Amerika? Barack Obama
81%
Wie heißt die Hauptstadt von Luxemburg? Luxemburg
81%
Wie heißt der erster Planet im Sonnensystem? Merkur
81%
Wie lautet das Symbol von Natrium? Na
81%
Welche See grenzt an Großbritannien, die Niederlande und Dänemark? Nordsee
81%
Wie heißt die Währung des Vereinigten Königreiches? Pfund Sterling
81%
Wie heißt die größte deutsche (Einwohner) Stadt mit S? Stuttgart
81%
Wie heißt die größte deutsche (Einwohner) Stadt mit D? Düsseldorf
80%
Wie heißt die einwohnerreichste Stadt der Türkei? Istanbul
80%
Bei −273,15 Grad Celsius liegt der sogenannte absolute _________ Nullpunkt
80%
Wie lautet das Symbol von Titan? Ti
80%
Wie heißt der Kontinent auf dem Deutschland liegt? Europa
79%
Wie heißt die Hauptstadt von Finnland? Helsinki
79%
Wie lautet das spanische Wort für "Hallo"? Hola
79%
Das Elektron ist _____ geladen negativ
79%
In welchem Land befindet sich das Wahrzeichen "Times Square"? Vereinigte Staaten
79%
Wie lautet das Symbol von Cobalt? Co
78%
Wie lautet das Symbol von Chrom? Cr
78%
Wer ist aktuell der Bundeskanzler? Olaf Scholz
78%
Wie heißt der größte Planet im unserem Sonnensystem? Jupiter
77%
Wie heißt die Hauptstadt von Indien? Neu-Delhi
77%
Womit beschäftig sich die Botanik? Pflanzen
77%
Wie lautet das 1. Element im Periodensystem? Wasserstoff
77%
Von wem stammen die Harry Potter-Bücher? J. K. Rowling
76%
Welche Wüste erstreckt sich über Nordafrika von Ägypten bis nach Marokko? Sahara
76%
Wie heißt die Hauptstadt von den Vereinigten Staaten von Amerika? Washington, D.C.
76%
Was ergibt (cosh(x))²-(sinh(x))²? 1
75%
Wie heißt die Hauptstadt von Bremen? Bremen
75%
Wie hieß der erste Mensch auf dem Mond? Neil Armstrong
75%
Wie lautet die Summenformel von Wasser? H2O
74%
Welcher US-Bundestaat hat die meisten Einwohner? Kalifornien
74%
Wie heißt die Hauptstadt von Dänemark? Kopenhagen
74%
Welches ist das einzige deutsche Bundesland dessen Name mit "M" beginnt? Mecklenburg-Vorpommern
74%
Wie heißt die Hauptstadt von Südkorea? Seoul
74%
Was ist die Ordnungszahl von Helium? 2
73%
Wie lautet die Summenformel von Kohlenstoffdioxid? CO2
73%
Wie heißt die Hauptstadt von Sachsen? Dresden
73%
Wie heißt die Hauptstadt von Nordrhein-Westfalen? Düsseldorf
73%
Was ist der populärste Sport in Kanada nach Zuschauerzahlen? Eishockey
73%
Wer brachte laut der Bibel die 10 Gebote zu den Menschen in Israel? Moses
73%
Wessen lange Regentschaft als Königin von England begann 1952? Queen Elizabeth II
73%
Wie lautet das Symbol von Vanadium? V
73%
Du gehst 1 Kilometer nach Osten und bist wieder an deinem Ursprungsort und du siehst einen Bären. Welche Farbe hat dieser Bär? weiß
73%
Was ist der höchste Berg Deutschlands? Zugspitze
73%
Was ist die Ordnungszahl von Stickstoff? 7
72%
Wofür steht die Abkürzung kcal? Kilokalorie
72%
Wie heißt die Hauptstadt von Kanada? Ottawa
72%
Wie heißt die Hauptstadt von Brandenburg? Potsdam
72%
Wie lautet die nächste Zahl der Zahlenfolge 1,10,11,100,101? 110
71%
Was ist die Quersumme aus 2022? 6
71%
Was ist die Ordnungszahl von Sauerstoff? 8
71%
Was ist das meistverkaufteste Buch der Welt? Bibel
71%
Welcher europäische Entdecker landete 1492 in der Neuen Welt? Christoph Kolumbus
71%
Was ist das Symbol von Chrom? Cr
71%
Wofür steht die Abkürzung GTA? Grand Theft Auto
71%
Welcher berühmte General hieß mit Nachnamen Bonaparte? Napoleon
71%
Wessen Formel für rechtwinklige Dreiecke besagt: a2 + b2 = c2? Pythagoras
71%
Welche deutsche Stadt ist als Sitz des VW-Stammwerkes bekannt? Wolfsburg
71%
In welchem Film von Steven Spielberg aus dem Jahr 1993 werden Dinosaurier zum Leben erweckt? Jurassic Park
70%
Wofür steht Cos? Kosinus
70%
Wie heißt die Hauptstadt von Island? Reykjavík
70%
Wie lautet das Symbol von Chlor? Cl
69%
Wie heißt die Hauptstadt von Niedersachsen? Hannover
69%
Wie lautet das Symbol von Stickstoff? N
69%
Die Einwohner welches Landes werden auch als "Kiwis" bezeichnet? Neuseeland
69%
Wie nennt man einen Jüdischen Gotteshaus? Synagoge
69%
Wie lautet das Symbol von Zink? Zn
69%
Was ergibt 11*13? 143
68%
Wie viele Stunden hat eine Woche? 168
68%
Wie lautet das Symbol von Gold? Au
68%
Wen heiratete Angelina Jolie 2014 (mittlerweile geschieden)? Brad Pitt
68%
Was ist das Formelzeichen für das elektrische Feld? E
68%
Aus welchem Land stammt Justin Bieber? Kanada
68%
Wofür steht die abkürzung PC? Personal Computer
68%
Was ist die Ordnungszahl von Lithium? 3
67%
Was ist die Ordnungszahl von Kohlenstoff? 6
67%
Wie lautet die nächste Zahl der Zahlenfolge 1,1,2,3,5,8,13,21,34,55? 89
67%
Aus welchem Land stammen sowohl Crocodile Dundee als auch der Crocodile Hunter? Australien
67%
Was ist das am meisten verwendete Wort der englischen Sprache? The
67%
Wie viele Stunden hat eine Woche? 168
66%
Welche Bezeichnung steht für eine 1 gefolgt von 3 Nullen? Tausend
66%
Welche Bezeichnung steht für eine 1 gefolgt von 9 Nullen? Milliarde
65%
Wie heißt die Hauptstadt von Saarland? Saarbrücken
65%
Wie heißt die größte Stadt Chinas mit Anfangsbuchstaben S? Shanghai
65%
Wie heißt der 7. nächster Planet unseres Sonnensystems? Uranus
65%
Wie lautet das Symbol von Mangan? Mn
64%
Welches papierähnliche Schreibmaterial wurde von den antiken Ägyptern verwendet? Papyrus
64%
Wie viele platonische Körper gibt es? 5
63%
Wie lautet das Symbol von Kupfer? Cu
63%
Wie heißt die Hauptstadt von Rheinland-Pfalz? Mainz
63%
Wie nennt man einen muslimischen Gotteshaus? Moschee
63%
Wofür steht Sin? Sinus
63%
Wie lautet das Symbol von Eisen? Fe
62%
Was ergibt 2⁸? 256
61%
Wie lautet die nächste Zahl der Zahlenfolge 1,4,9,16,25,36,49,64? 81
61%
Welches ist der größte US-Bundesstaat nach Fläche? Alaska
61%
Welche Farbe haben die schwächsten Bloons in BTD5? Rot
61%
Welche Farbe hat das Licht mit der Wellenlänge 430 nm-490 nm? Blau
60%
Wie nennt man eine Zahl dessen einzigen Teiler ±1 und ±p sind? Primzahl
60%
cosh(x) ist immer größer gleich ... 1
59%
Wie heißt die 1980 erschienene Fortsetzung von "Krieg der Sterne" (Star Wars)? Das Imperium {schlägt} {zurück}
59%
In welchem Film spielen Michael "Bully" Herbig und Christian Tramitz einen Indianer und dessen weißen Blutsbruder? Der Schuh des Manitu
59%
Wofür steht die Abkürzung GG? Grundgesetz/good game
59%
Was fängt mit P an, ist essbar, ist keine Pflanze und ist kein Tier? Pilz
59%
Wie heißt die Hauptstadt von Hessen? Wiesbaden
59%
Welches Land befindet sich am nächsten zu der Antarktis? Chile
58%
Wie heißt die längste Seite in einem rechtwinkligen Dreieck? Hypotenuse
58%
Welche Straße ist in Monopoly die teuerste? Schlossallee
58%
Wie viele Minuten hat ein Tag? 1440
57%
Wie lautet das Symbol von Eisen? Fe
57%
Wenn n² gerade ist, was ist dann n? gerade
57%
Wie heißt die Hauptstadt von Estland? Tallinn
57%
Wie lautet die nächste Zahl der Zahlenfolge 6,2,2,5,0? 3
56%
Wie lautet die nächste Zahl der Zahlenfolge 31,28,31,30,31? 30
56%
Wie heißt die größte deutsche (Einwohner) Stadt mit A? Augsburg
56%
Welches Land erlitt die meisten militärischen Verluste während des 1. Weltkrieges? Russland
56%
Wie lautet die Basiseinheit der Zeit? Sekunde
56%
Was ergibt sinh(0)? 0
55%
Was ist die Ordnungszahl von Fluor? 9
55%
Wie viele Einwohner hat Deutschland ungefähr? ca. 84 Millionen
55%
Wie lautet die Summenformel von Kohlenstoffdioxid? CO2
55%
Was für ein Transportmittel war die "Hindenburg"? Zeppelin
55%
Wie lautet die nächste Zahl der Zahlenfolge 4,16,64,256,1024? 4096
54%
Wie lautet die nächste Zahl der Zahlenfolge 1,2,6,24,120? 720
54%
Wie heißt die Hauptstadt von Sachsen-Anhalt? Magdeburg
54%
Wer war Premierminister des Vereinigtes Königreiches während des Großteils des 2. Weltkrieges? Winston Churchill
54%
Wofür steht die Abkürzung AFK? away from keyboard
53%
Wer ist der Gründer von Tesla? Elon Musk
53%
Wie lautet die nächste Zahl der Zahlenfolge 2,3,5,7,11,13,17,19,23? 29
52%
Wie lautet die Basiseinheit der Stromstärke? Ampere
52%
Welche Bezeichnung steht für eine 1 gefolgt von 12 Nullen? Billion
52%
Was wird auf vielen Hochzeitsfeiern von der Braut in die Menge geworfen? Brautstrauß
52%
Wie heißt die Hauptstadt von Thüringen? Erfurt
52%
Welche Farbe hat das Licht mit der Wellenlänge 570 nm-600 nm? Gelb
52%
Welche Farbe hat das Licht mit der Wellenlänge 490 nm-570 nm? Grün
52%
Wie lautet die nächste Zahl der Zahlenfolge 9,27,24,72,69? 207
50%
Was ist die Ordnungszahl von Beryllium? 4
50%
Wer startete die protestantische Reformation? Martin Luther
50%
Wie lautet die Summenformel von Natriumchlorid? NaCl
50%
Jemand, der eine Krankheit oder Verletzung vortäuscht bezeinet man als... Simulant
50%
Mick Jagger ist Leadsänger welcher Rockband? The Rolling Stones
50%
Was ist die Ordnungszahl von Kalium? 19
49%
Was ist die Ordnungszahl von Magnesium? 12
48%
Was ist die Ordnungszahl von Aluminium? 13
48%
Wie lautet die Basiseinheit der Länge? Meter
48%
Wie heißt die Hauptstadt von Mecklenburg-Vorpommern? Schwerin
48%
Wie lautet die Basiseinheit der Masse? Kilogramm
47%
Wofür steht die Abkürzung ZDF? Zweites Deutsches Fernsehen
47%
Wie heißt die Hauptstadt von Neuseeland? Wellington
46%
Was ist die Ordnungszahl von Eisen? 26
45%
Wenn ein Würfel eine Seitenlänge von 7 hat, was ist sein Volumen? 343
45%
Was ist die Ordnungszahl von Bor? 5
45%
Wie lautet der Name des ersten Bunderskanzlers Deutschlands? Konrad Adenauer
45%
Wie viele Stunden hat der Monat Juni? 720
44%
Wer war der 45. Präsident der USA? Donald Trump
44%
Wie heißt die Hauptstadt von Chile? Santiago de Chile
44%
Wie heißt die Hauptstadt von Taiwan? Taipeh
44%
Wie werden mehrzellige Tiere ohne Wirbelsäule bezeichnet? Wirbellose
44%
Welcher österreichische Thronfolger wurde 1914 in Sarajevo ermordet? Franz Ferdinand
43%
Wer ist der Gründer der erfolgreichen Youtube-Serie 7 vs Wild? Fritz Meinecke
43%
Wann war die deutsche Wiedervereinigung? 03.10.1990
42%
Was ist die Ordnungszahl von Natrium? 11
42%
Was ist die Ordnungszahl von Eisen? 26
42%
Welches Item kann ein Enderman in Minecraft droppen? Enderperle
42%
Wie heißt der berühmte Mathematiker K.Weierstraß mit Vornamen? Karl
42%
Wie lauten die ersten 6 führende Ziffern von pi? 3,14159
41%
Wie lautet die Ableitung von e^x? e^x
41%
Wer ist der Schulleiter von Hogwarts in Harry Potter Teil 1-6? Albus Dumbledore
40%
Wie bezeichnet man auf einem Graphen den Punkt (0,0)? Nullpunkt
40%
Was ist die Ordnungszahl von Zink? 30
39%
Wie lautet die Basiseinheit der Temperatur? Kelvin
39%
Welchen Namen trug der römische Kriegsgott? Mars
39%
Was war das Jugendwort des Jahres im Jahr 2012? YOLO
39%
Was ist die Ordnungszahl von Chrom? 24
38%
Was ist die Ordnungszahl von Kupfer? 29
38%
Von welchem Zeichentrickcharakter stammt der Ausruf "Yabba Dabba Doo!"? Fred Feuerstein
38%
Welche Farbe hat das Licht mit der Wellenlänge 640 nm-780 nm? Rot
38%
Was ist die Ordnungszahl von Schwefel? 16
37%
Welcher ehemalige irakische Staatspräsident wurde 2006 hingerichtet? Saddam Hussein
37%
Welche Bezeichnung steht für eine 1 gefolgt von 18 Nullen? Trillion
37%
Wofür steht die Abkürzung RAM? Random Access Memory
36%
Was ist die Ordnungszahl von Calcium? 20
35%
Welche Bezeichnung steht für eine 1 gefolgt von 21 Nullen? Trilliarde
35%
Für was steht das "M" in y=mx+b? Steigung
34%
Was ist die Ordnungszahl von Neon? 10
33%
Was ist das Ergebinis von 5!? 120
33%
Wie lautet die nächste Zahl der Zahlenfolge 1,4,13,40,121? 364
33%
Was ist die Ableitung von x³+16x²+12x+41? 3x²+32x+12
33%
Wie heißt die Hauptstadt von Uruguay? Montevideo
33%
Wie lautet die nächste Zahl der Zahlenfolge 2,3,6,18,108? 1944
32%
Was ist die Ordnungszahl von Phosphor? 15
31%
Was ist die Ableitung von sin(x)? cos(x)
31%
Wer nahm die Songs "Tiny Dancer", "Crocodile Rock" und "Rocket Man" auf? Elton John
31%
Wie lautet das Ergebnis von (6+6i)+(5+7i)? 11+13i
30%
Wie lautet die nächste Zahl der Zahlenfolge 1,3,6,11,18,29,42? 59
30%
Was ist die Ordnungszahl von Vanadium? 23
29%
Was ist die Ableitung von cos(x)? -sin(x)
29%
Wie lautet 110011 im Dezimalsystem? 51
28%
Welchen Flächeninhalt hat ein Quadrat mit der Seitenlänge 27? 729
27%
Wie lautet die zehnte Fibonacci-Zahl? 55
26%
Wie lautet die Basiseinheit der Stoffmenge? Mol
26%
Was ist die Ordnungszahl von Argon? 18
25%
Welche Regel braucht man um (12x+34)⁸² abzuleiten? Kettenregel
25%
Wofür steht Tan? Tangens
25%
Wie nennt man den Frequenzbereichs welches die Wellenlängen 10 nm-380 nm hat? Ultraviolettes Licht/UV-Strahlen
25%
Wann begann der 2. Weltkrieg? 01.09.1939
24%
Wie lautet die nächste Zahl der Zahlenfolge 289,256,225,196,169? 144
24%
Was ist die Ordnungszahl von Chlor? 17
24%
Was ergibt die Addition von allen natürlichen Zahlen zwischen 1 und 100? 5050
24%
Wie lautet die Basiseinheit der Lichtstärke? Candela
24%
Was ist das Ergebnis von 1472 mod 1000? 472
23%
Was ist die Ordnungszahl von Gold? 79
23%
Welche Regel braucht man um (7x+12)²² abzuleiten? Kettenregel
23%
Was ist eine Möglichkeit -sinh(x) anders zu schreiben? sinh(-x)
23%
Welche Farbe hat das Licht mit der Wellenlänge 380 nm-430 nm? Violett
23%
Was ist die Ordnungszahl von Chrom? 24
22%
Welche Bezeichnung steht für eine 1 gefolgt von 15 Nullen? Billiarde
22%
Welche Bezeichnung steht für eine 1 gefolgt von 24 Nullen? Quadrillion
22%
Was ist die Ordnungszahl von Silicium? 14
21%
Was ist die Ordnungszahl von Titan? 22
21%
Worum geht es im Chaos Computer Club? Hacken
21%
Welcher Mathematiker ist Namensgeber der Zahl "e"? Leonhard Euler
21%
Wie heißt die Hauptstadt von Mauritius? Port Louis
21%
Als was ist ein Hexaeder besser bekannt? Würfel
21%
Was ist die Ordnungszahl von Mangan? 25
20%
Wie viele Sekunden hat ein Tag? 86400
19%
Wie lautet die Summenformel von Methan? CH4
19%
Was ist die Ableitung von sinh(x)? cosh(x)
19%
Was war das Jugendwort des Jahres im Jahr 2008? Gammelfleischparty
19%
Welche Bezeichnung steht für eine 1 gefolgt von 100 Nullen? Googol
19%
Was ist die Ableitung von cosh(x)? sinh(x)
19%
Wann endete der 1. Weltkrieg? 11.11.1918
18%
Wie heißt dieser Code hier:"-- --- .-. ... . -.-. --- -.. ."? Morsecode
18%
Was war das Jugendwort des Jahres im Jahr 2021? cringe
17%
Welche Farbe hat das Licht mit der Wellenlänge 600 nm-640 nm? Orange
17%
Aus welchem Spiel ist der berühmte Satz "THE CAKE IS A LIE"? Portal
17%
sinh ist streng monoton ... steigend
17%
Was ist die Ordnungszahl von Nickel? 28
15%
Wofür steht die Abkürzung CPU? Central Processing Unit
15%
Wie heißt eine Zahl der Form: z=x+iy? komplexe Zahl
15%
Wie heißt die Hauptstadt von Costa Rica? San José
15%
Was ergibt cosh(x)+sinh(x)? e^x
14%
Wofür steht die Abkürzung SSD? Solid State Drive
14%
Was ist die Ordnungszahl von Cobalt? 27
13%
Was war das Jugendwort des Jahres im Jahr 2022? smash
13%
Wann endete der 2. Weltkrieg? 02.09.1945
12%
Was ist die Ableitung von x³+12x²+17x+42? 3x²+24x+17
12%
Wie lautet die Summenformel von Kohlensäure? H2CO3
12%
Wofür steht die Abkürzung DNA? Desoxyribonukleinsäure
11%
Was war das Jugendwort des Jahres im Jahr 2023? goofy
11%
Wie nennt man Zahlen der Form z=x+y*i? komplexe Zahlen
11%
Was war das Jugendwort des Jahres im Jahr 2020? lost
11%
Wofür steht die Abkürzung ROM? Read Only Memory
11%
Wie lautet die Summenformel von Glucose? C6H12O6
9%
Was ist eine Formel die für mindestens eine Belegung den Wert T annimmt? erfüllbar
9%
Wie lautet die Formel für den Flächeninhalt eines Kreises? pi*r²
9%
Welche Bezeichnung steht für eine 1 gefolgt von 30 Nullen? Quintillion
8%
Wie lautet 84 im Binärsystem? 1010100
7%
Was ist die Ableitung von log(x)? 1/x
7%
Was war das Jugendwort des Jahres im Jahr 2017? I bims
7%
Wofür steht Cot? Kotangens
7%
Welche Bezeichnung steht für eine 1 gefolgt von 27 Nullen? Quadrilliarde
7%
"Nachts ist es kälter als draußen", bezeichnet man als... Alogismus
6%
Was war das Jugendwort des Jahres im Jahr 2015? Smombie
6%
Wie lauten die ersten 6 führende Ziffern von e? 2,71828
5%
Wie nennt man eine Relation die reflexiv, symmetrisch und transitiv ist? Äquivalenzrelation
5%
Was war das Jugendwort des Jahres im Jahr 2013? Babo
5%
Was ist eine Möglichkeit cosh(-x) anders zu schreiben? cosh(x)
5%
Was war das Jugendwort des Jahres im Jahr 2018? Ehrenmann/Ehrenfrau
5%
Ein Würfel besteht aus 6... Quadrate
5%
Was ist eine Möglichkeit 2sin(a)cos(a) anders zu schreiben? sin(2a)
5%
Was ist die Ordnungszahl von Scandium? 21
4%
Jede natürlich Zahl größer gleich 2 besitzt mindestens einen Primteiler
4%
Wofür steht Sinh? Sinus-Hyperbolicus
4%
Welche Primfaktoren hat die Zahl 84? 2*2*3*7
3%
Wie heißt der Sonnennächster Zwergplanet? Ceres
3%
Was ist eine Möglichkeit cos(2a) anders zu schreiben? cos²(a)-sin²(a)
3%
Wie ist die Einheit für Gleitkomma-Operation (+, −, ×, ∕) pro Sekunde? Flop/s
3%
Was war das Jugendwort des Jahres im Jahr 2009? hartzen
3%
Wenn die Determinate einer Matrix ungleich 0 ist, ist die Matrix... invertierbar
3%
Was ist eine Relation mit der Eigenschaft:x~x ∀x∈M? reflexiv
3%
Wofür steht Tanh? Tangens-Hyperbolicus
3%
Welche Einheit hat das elektrische Feld? Volt pro Meter
3%
Was ist eine Relation mit der Eigenschaft:x~y und y~z => x~z ∀x,y,z∈M? transitiv
2%
In welchem intervall ist cosh streng monoton fallend? (-unendlich, 0)
2%
In welchem intervall ist cosh streng monoton steigend? (0, unendlich)
0%
Wie lauten die ersten 3 führende Ziffern von der magnetischen Feldkonstante? (Größen Ordnung 10^-6 V*s/(A*m))? 1,25
0%
Wie lauten die ersten 6 führende Ziffern von √2? 1,41421
0%
Wie lauten die ersten 6 führende Ziffern von phi? 1,61803
0%
Wie lauten die ersten 6 führende Ziffern von √pi? 1,77245
0%
Was ist die Ableitung von tan(x)? 1/(cos²(x))
0%
Wie lautet die nächste Zahl der Zahlenfolge 1,2,6,30,210? 2310
0%
Was ist eine Möglichkeit sin(2a) anders zu schreiben? 2sin(a)cos(a)
0%
Wie lautet die nächste Zahl der Zahlenfolge 1,11,21,1211,111221? 312211
0%
Wie viel Megavolt sind 4671585 Volt? 4,67MV
0%
Wie viele Millisekunden sind 0,047 Sekunden? 47ms
0%
Wie lautet das Ergebnis von (3+2i)*(4+3i)? 6+17i
0%
Wie lauten die ersten 3 führende Ziffern von der Dielektrizitätskonstante des Vakuums? (Größen Ordnung 10^-12 A*s/(V*m))? 8,85
0%
Wie groß ist der Hyperfeinstrukturübergang im Caesium-Atom 133Cs? 9 192 631 770Hz
0%
Was ist eine Formel die für alle Belegungen den Wert T annimmt? allgemeingültig/Tautologie
0%
Wofür steht die Abkürzung ASCII (ASCII-Code)? American Standard Code for Information Interchange
0%
Wie nennt man einen Graphen, der zusammenhängend ist und keinen Zyklus enthält. Baum
0%
Wie heißt der berühmte Mathematiker B.Bolzano mit Vornamen? Bernard
0%
Wie lautet die Summenformel von Cellulose? C12H20O10
0%
Wie lautet die Summenformel von Ethanol? C2H6O
0%
Was ist eine Möglichkeit cos²(a)-sin²(a) anders zu schreiben? cos(2a)
0%
Als was ist (1/2)*(eˣ+e⁻ˣ) besser bekannt? cosh(x)
0%
Was ist eine Möglichkeit cosh(x+y) anders zu schreiben? cosh(x)*cosh(y)+sinh(x)*sinh(y)
0%
Was ist eine Möglichkeit sinh(x+y) anders zu schreiben? cosh(x)*sinh(y)+cosh(y))*sinh(x)
0%
Was ist eine Möglichkeit cosh(x)*cosh(y)+sinh(x)*sinh(y) anders zu schreiben? cosh(x+y)
0%
Was war das Jugendwort des Jahres im Jahr 2016? fly sein
0%
Ein Tetraeder besteht aus 4... gleichseitige Dreiecke
0%
Ein Oktaeder besteht aus 8... gleichseitige Dreiecke
0%
Ein Ikosaeder besteht aus 20... gleichseitige Dreiecke
0%
Wie nennt man eine Funktion, wo die zweite Ableitung immer größer gleich null ist? konvex
0%
Wofür steht Cosh? Kosinus-Hyperbolicus
0%
Wofür steht Coth? Kotangens-Hyperbolicus
0%
Was war das Jugendwort des Jahres im Jahr 2014? Läuft bei dir
0%
Was war das Jugendwort des Jahres im Jahr 2010? Niveaulimbo
0%
Wie heißt eine Gleitkommazahl wenn 𝑧0 ≠ 0 ist? normalisiert
0%
Welche Bezeichnung steht für eine 1 gefolgt von 33 Nullen? Quintilliarde
0%
Ein Dodekaeder besteht aus 12... regelmäßige Fünfecke
0%
Wie lautet die Summenformel von Hexafluorantimonsäure? SbHF6
0%
Als was ist (1/2)*(eˣ-e⁻ˣ) besser bekannt? sinh(x)
0%
Was ist eine Möglichkeit cosh(x)*sinh(y)+cosh(y))*sinh(x) anders zu schreiben? sinh(x+y)
0%
Das elektrische Feld beschreibt die _____ und _____ der Kraft auf eine Ladung Stärke und Richtung
0%
Was war das Jugendwort des Jahres im Jahr 2011? Swag
0%
Was ist eine Relation mit der Eigenschaft:x~y <=> y~x ∀x,y∈M? symmetrisch
0%
Wie lautet die Summenformel von Tantalhafniumcarbid? Ta4HfC5
0%
Wie heißt ein Graph G~ = ( V~ , E~) mit V~ ⊆ V und E~ ⊆ E Teilgraph
0%
Was ist eine Formel die für keine Belegung den Wert T annimmt? unerfüllbar/Kontradiktion
0%
Keine übereinstimmenden Quizze gefunden
Verteilung der Resultate
Anzahl Personen mit jedem Resultat
Perzentil nach korrekt beantworteten Fragen
Ihre Resultats-Entwicklung
Sie haben dieses Quiz seit der letzten Aktualisierung nicht gespielt